Statistiques concernant Derniers vainqueurs du maillot vert sur le tour de France

Cliquez ici pour prendre le quiz!

Statistiques générales

  • Ce quiz a été pris 97 fois
  • Le résultat moyen est 10 sur 15

Statistiques - réponses

HintRéponse% Correct
2019Sagan
97%
2018Sagan
97%
2016Sagan
97%
2015Sagan
97%
2014Sagan
97%
2013Sagan
97%
2012Sagan
97%
2021Cavendish
84%
2011Cavendish
84%
2022Van aert
67%
2017Matthews
52%
2020Bennett
37%
2009Hushovd
18%
2010Petacchi
13%
2008Freire
12%

Distribution des résultats

Percentile par nombre de réponses

% des personnes avec chaque résultat

Votre développement - résultats

Vous n’avez pas pris ce quiz